03409nam a2200241 a 4500001000200000003000900002005001700011007000300028008004000031020001500071040002500086082003200111100003900143245005600182260002700238300002100265490007500286500007100361505255900432650004302991650008503034710004803119 DO-SdBNP20220330091129.0ta110214s 2001 dr r 000 0 spa d a9993430218 aDO-SdBNPbspacBPMSU 4a306.097293 bV443a 20012221 aVeloz Maggiolo, Marcio,d1936-202110aAntropología portátil /cMarcio Veloz Maggiolo. aSanto Domingo :c2001. a262 p. ;c28 cm.0 aBanco Central de la República DominicanaaCiencias socialesv39/7v  aIncluye datos biográficos del autor en la solapa de la cubierta 0 aLa especie humana 11 -- Escritura y antropología 15 -- Modos de hacer la historia 19 -- Dónde insertar El Caribe 23 -- La arqueología como historia 27 -- La memoria en el tiempo 31 -- El surgimiento de la vida agrícola en el Viejo Mundo 35 -- El surgimiento de la vida agrícola en América 39 -- Antropología del asentamiento 43 -- Distribución de espacios en los asentamientos pre-urbanos en las Antillas Precolombinas 45 -- Ecología y antropología: La Sabana 53 -- La vida en lo parques nacionales 57 -- La historia antigua y Parques nacionales 61 -- El Parque Nacional del Este y la floresta como laboratorio 65 -- El espacio en los asentamientos indios 69 -- Antropología de los tiestos 73 -- Antropología de los huesos 77 -- El Gourmet precolombino 79 -- Pipas indígenas de Santo Domingo y Puerto Rico 83 -- Los Taínos, su arte y su desarrollo social 87 -- El ritual de la Cohoba en nuestros días 93 -- El señor yucador 97 -- Lo macho y lo hembra en el Arte precolombino antillano 99 -- Punta Cana: los primeros agricultores 103 -- El ritual de las hamacas 107 -- Antropología y canibalismo 109 -- Polen de Zamia en la historia antigua de las Antillas 113 -- Notas sobre la Zamia en la prehistoria del Caribe 121 -- El Paraíso de la fermen tación 133 -- Labat: un menú antropológico 135 -- Entre el Aje y la Batata 139 -- Convivieron los Taínos y los Caribes? 143 -- Los cemíes o ídolos de algodón entre los Caribes 145 -- De dónde viene lo autóctono 147 -- El síndrome de la primacía 153 -- La Isabela: antropología de vida y muerte 157 -- Yerbas y semillas nutritivas 167 -- El rito de comer tierra 169 -- El sabor de la tierra 171 -- Canología del perro realengo 173 -- Antropología del ruido 177 -- Discruso sobre la ciencia inútil 181 -- Lengua e identidad 183 -- Neoliberalismo e identidades 187 -- Quíbor y la virgen de la Altagracia 191 -- La verdad sobre la Vieja Belén 195 -- El médico botánico criollo 199 -- Las nominaciones del diablo 201 -- Visión francesa del Santo Domingo católico 207 -- La antropología del cimarrón 211 -- El Estado dominicano, mito y cefalalgia 215 -- Mujer y antropología 221 -- El Potlach: una fiesta tribal de la abundancia 225 -- Haití: dicotomías y coincidencias 229 -- Razones para un Himno Nacional bailable 235 -- El barrio como materia prima 241 -- Trujillo, la garra del tigre 245 -- La muerte como una moda 249 -- Pulpería y ventorrillo, tarantines y fritangas 255 -- Andrés L. Mateo o la interdominicanidad 259 4aAntropologíazRepública Dominicana 4aIndios de Santo DomingoxHistoria yÉpoca precolombina, hasta 1492.2 aBanco Central de la República Dominicana,